La dictadura militar, 1976-1983 : del golpe de Estado a la restauración democrática /

Noveno tomo de la colección Historia Argentina, dedicado al estudio del período más complejo y sombrío de los dos primeros siglos de vida independiente de esta nación sudamericana: el que corresponde al llamado proceso de reorganización nacional, situado en los gobiernos de la dictadura militar de l...

Descripció completa

Guardat en:
Dades bibliogràfiques
Autor principal: Novaro, Marcos (autor)
Altres autors: Palermo, Vicente (autor) (autor), Halperín Donghi, Tulio (dirección) (dirección)
Format: Llibre
Idioma:espanyol
Publicat: Buenos Aires, Argentina : Paidós, 2003, c2003
Col·lecció:(Historia Argentina ; 9)
Matèries:
Etiquetes: Afegir etiqueta
Sense etiquetes, Sigues el primer a etiquetar aquest registre!

MARC

LEADER 00000nam^a2200000^a^4500
001 000152515
005 20250521000000.0
009 20260310100248.145
020 |a 950-12-7709-7 
037 |a Acervo ITESO - Biblioteca 
041 |a ESP 
082 |a 982.  |b HIS V. 9 
100 |a Novaro, Marcos  |e (autor) 
240 1 1 |a [Historia argentina] 
245 1 3 |a La dictadura militar, 1976-1983 :  |b del golpe de Estado a la restauración democrática /  |c M. Novaro, V. Palermo ; dir. y presen. de T. Halperín Donghi. 
264 4 |a Buenos Aires, Argentina :  |b Paidós,  |c 2003, c2003 
300 |a 567 p. 
336 |a texto  |b txt  |2 rdacontenido 
337 |a sin mediación  |b n  |2 rdamedio 
338 |a volumen  |b nc  |2 rdasoporte 
440 1 |a (Historia Argentina ;  |v 9) 
520 |a Noveno tomo de la colección Historia Argentina, dedicado al estudio del período más complejo y sombrío de los dos primeros siglos de vida independiente de esta nación sudamericana: el que corresponde al llamado proceso de reorganización nacional, situado en los gobiernos de la dictadura militar de los años 1976-1983, que ha dejado como secuela heridas profundas en la población argentina. La reconstrucción del período -iniciado en medio de un agobiante clima de violencia política, crisis institucional y descalabro económico- implica recorrer las secuelas del terrorismo de Estado y las luchas por mantener vigentes los derechos humanos, el conflicto argentino-chileno por la posesión de tres islas en el canal Beagle y la Guerra de las Malvinas, entre otros episodios, hasta llegar a la transición hacia el orden democrático producida con las elecciones de 1983. 
649 |a XX 
650 |a Golpe de Estado -  |z Argentina 
650 |a Terrorismo de Estado -  |z Argentina 
650 |a Represión -  |z Argentina 
650 |a Guerra y Paz -  |z Argentina 
650 |a Violencia Política -  |z Argentina 
650 |a Crisis Económica -  |z Argentina 
650 |a Problemas Sociales -  |z Argentina 
650 |a Fuerzas Armadas -  |z Argentina 
650 |a Militarismo -  |z Argentina 
650 |a Autoritarismo -  |z Argentina 
650 |a Dictadura -  |z Argentina 
650 |a Derechos Humanos -  |z Argentina 
650 |a Política Económica -  |z Argentina -  |x Historia 
650 |a Economía -  |z Argentina -  |x Historia -  |y 1976-1983 
650 |a Economía -  |z Argentina -  |x Historia -  |y Siglo XX 
650 |a Política -  |z Argentina -  |x Historia -  |y Guerra de las Malvinas 
650 |a Política -  |z Argentina -  |x Historia -  |y 1976-1983 
650 |a Política -  |z Argentina -  |x Historia -  |y Siglo XX 
650 |a Argentina -  |x Condiciones Políticas 
650 |a Argentina -  |x Historia -  |y Guerra de las Malvinas 
650 |a Argentina -  |x Historia -  |y 1976-1983 
650 |a Argentina -  |x Historia -  |y Siglo XX 
700 |a Palermo, Vicente  |e (autor) 
700 |a Halperín Donghi, Tulio  |e (dirección) 
910 |a Fondo General 
920 |a Impresos - Libros 
930 |a Colección General 
905 |a 101 
901 |a 0500081235  |b IT1  |c ACC  |u 20250521 
902 |a https://opac.biblio.iteso.mx/vufind/Record/000152515